000
00219nam a2200097Ia 4500
005
20251222114348.0
008
251222s1900||||xx |||||||||||||| ||spa||
082
_a
DVD0090/D78
245
0
_a
El diario del "Che"
942
_c
DVD
999
_c
1127
_d
1127